00493nam a22001457a 4500003000400000082001900004088000900023100001700032245006000049260007900109300000800188500006000196520006000256700003100316OSt 2631.587 RIN/PE aT 84 aS. RINI RANI aPerformance evaluation of high discharge low head pumps aTavanur 1998bKelappaji College of Agricultural Engineering and Technology a137 aPerformance evaluation of high discharge low head pumps aPerformance evaluation of high discharge low head pumps aDr. K. John Thomas (Guide)